000 00651nam a22002297a 4500
003 CBULib
005 20240521084619.0
008 240521b |||||||| |||| 00| 0 eng d
020 _a9781412930222
040 _bEnglish
_cCBULib
_erda
041 _aeng
050 _aG 70 Key
100 _92924
_aClifford, Nicholas J
245 _aKey Concepts in Geography
_c/ Edited by Nicholas J. Clifford
250 _aSecond Edition
260 _aLondon,
_bSAGE :
_c2003
300 _axvi, 462 pages : illustrations
336 _2rdacontent
_aText |
_btxt
337 _2rdamedia
_aUnmediated |
_bn
338 _2rdacarrier
_aVolume
_bnc
942 _2lcc
_c002
999 _c85002
_d85002